Applying of open gas generators in solid fuel for rising underwater objects; AIP Conference Proceedings; Vol. 2103 : Fundamental and applied problems of modern mechanics (FAPMM 2018)

Détails bibliographiques
Parent link:AIP Conference Proceedings
Vol. 2103 : Fundamental and applied problems of modern mechanics (FAPMM 2018).— 2019.— [020002, 9 p.]
Auteur principal: Barsukov V. D. Vitaly Dimentjevich
Collectivité auteur: Национальный исследовательский Томский политехнический университет Инженерная школа энергетики Научно-образовательный центр И. Н. Бутакова (НОЦ И. Н. Бутакова)
Autres auteurs: Goldaev S. V. Sergey Vasilievich, Basalaev S. A. Sergey Aleksandrovich
Résumé:Title screen
In this paper, the rationale for the possibility and feasibility of using open solid-fuel gas generators to rise underwater objects, including silted from great depths, is given. The design of the lifting device is proposed, as well as technical means for underwater combustion of solid fuel in the aquatic environment are described. Corresponding experimental results are presented with a discussion of the specific effects of the aquatic environment on the combustion process. The experimental results on the combustion of solid fuel in the aquatic environment are given. An approximate method is presented for calculating the ascent rate and the depth of the lifting device. Corresponding quantitative assessment for depths of 500 and 1000 m are given.
Режим доступа: по договору с организацией-держателем ресурса
Langue:anglais
Publié: 2019
Sujets:
Accès en ligne:https://doi.org/10.1063/1.5099866
Format: Électronique Chapitre de livre
KOHA link:https://koha.lib.tpu.ru/cgi-bin/koha/opac-detail.pl?biblionumber=660390

MARC

LEADER 00000naa0a2200000 4500
001 660390
005 20250828142939.0
035 |a (RuTPU)RU\TPU\network\29783 
035 |a RU\TPU\network\28564 
090 |a 660390 
100 |a 20190625d2019 k||y0engy50 ba 
101 0 |a eng 
135 |a drgn ---uucaa 
181 0 |a i  
182 0 |a b 
200 1 |a Applying of open gas generators in solid fuel for rising underwater objects  |f V. D. Barsukov, S. V. Goldaev, S. A. Basalaev 
203 |a Text  |c electronic 
300 |a Title screen 
320 |a [References: 16 tit.] 
330 |a In this paper, the rationale for the possibility and feasibility of using open solid-fuel gas generators to rise underwater objects, including silted from great depths, is given. The design of the lifting device is proposed, as well as technical means for underwater combustion of solid fuel in the aquatic environment are described. Corresponding experimental results are presented with a discussion of the specific effects of the aquatic environment on the combustion process. The experimental results on the combustion of solid fuel in the aquatic environment are given. An approximate method is presented for calculating the ascent rate and the depth of the lifting device. Corresponding quantitative assessment for depths of 500 and 1000 m are given. 
333 |a Режим доступа: по договору с организацией-держателем ресурса 
461 0 |0 (RuTPU)RU\TPU\network\4816  |t AIP Conference Proceedings 
463 |t Vol. 2103 : Fundamental and applied problems of modern mechanics (FAPMM 2018)  |o proceedings of the X All-Russian Conference, 3–5 September 2018, Tomsk, Russia  |f National Research Tomsk State University (TSU) ; eds. A. Glazunov ; E. Shrager ; M. Yu. Orlov  |v [020002, 9 p.]  |d 2019 
610 1 |a электронный ресурс 
610 1 |a труды учёных ТПУ 
610 1 |a газовые генераторы 
610 1 |a твердое топливо 
610 1 |a подводные объекты 
700 1 |a Barsukov  |b V. D.  |g Vitaly Dimentjevich 
701 1 |a Goldaev  |b S. V.  |c specialist in the field of thermal engineering  |c Professor of Tomsk Polytechnic University, Doctor of physical and mathematical sciences  |f 1950-  |g Sergey Vasilievich  |3 (RuTPU)RU\TPU\pers\32797 
701 1 |a Basalaev  |b S. A.  |g Sergey Aleksandrovich 
712 0 2 |a Национальный исследовательский Томский политехнический университет  |b Инженерная школа энергетики  |b Научно-образовательный центр И. Н. Бутакова (НОЦ И. Н. Бутакова)  |3 (RuTPU)RU\TPU\col\23504 
801 2 |a RU  |b 63413507  |c 20190625  |g RCR 
856 4 |u https://doi.org/10.1063/1.5099866 
942 |c CF